000 00308nam a2200121Ia 4500
005 20260326100036.0
008 260326s9999||||xx |||||||||||||| ||und||
100 _aMac Gregor, Luis
245 0 _aEl Plateresco en México /
_cLuis Mac Gregor
260 _bPorrua
650 _aARQUITECTURA REGIONAL
942 _cBK
999 _c6792
_d6792